[Event "Dresden ZMD op-B 21st"]
[Site "Dresden"]
[Date "2012.08.21"]
[Round "4"]
[White "Walther, Juri"]
[Black "Siegl, Detlef"]
[Result "1/2-1/2"]
[WhiteElo "1836"]
[BlackElo "1776"]
[PlyCount "86"]
[EventDate "2012.08.18"]
[EventType "swiss"]
[EventRounds "9"]
[EventCountry "GER"]
[SourceTitle "CBM 150 Extra"]
[Source "ChessBase"]
[SourceDate "2012.10.19"]
[SourceVersion "1"]
[SourceVersionDate "2012.10.19"]
[SourceQuality "1"]

1. d4 d5 2. Bg5 Nd7 3. Nf3 Ngf6 4. Nbd2 e6 5. e3 Be7 6. Bd3 h6 7. Bxf6 Nxf6 8. c3 Bd6 9. 0-0 0-0 10. Re1 c5 11. Rc1 Bd7 12. Ne5 Rc8 13. f4 Bc6 14. b3 Nd7 15. Nxc6 bxc6 16. Qf3 f5 17. Bb1 Nf6 18. Nf1 Rc7 19. Re2 Kh8 20. g3 Qc8 21. Bd3 Rg8 22. Rg2 Qe8 23. Qe2 Qc8 24. Bb1 Qb7 25. h3 g6 26. Nh2 Rcg7 27. Kh1 Qb8 28. Nf3 Qb7 29. Rcg1 Qe7 30. g4 Ne4 31. Bxe4 fxe4 32. Ne5 Bxe5 33. dxe5 Qd7 34. Rd1 Qc7 35. Qa6 Rb8 36. Qa3 Qe7 37. c4 Rd8 38. Qb2 Kh7 39. g5 h5 40. Rgd2 Qf8 41. cxd5 cxd5 42. Qc3 Rgd7 43. Kg2 Qe7 1/2-1/2

[Event "Dresden ZMD op"]
[Site "Dresden"]
[Date "2009.08.02"]
[Round "9"]
[White "Blodstein, Boris"]
[Black "Walther, Juri"]
[Result "1-0"]
[WhiteElo "2194"]
[BlackElo "1939"]
[PlyCount "129"]
[EventDate "2009.07.25"]
[EventType "swiss"]
[EventRounds "9"]
[EventCountry "GER"]
[SourceTitle "CBM 131 Extra"]
[Source "ChessBase"]
[SourceDate "2009.09.03"]
[SourceVersion "2"]
[SourceVersionDate "2009.09.16"]
[SourceQuality "1"]

1. d4 d5 2. c4 c6 3. Nf3 Nf6 4. Qb3 e6 5. Nc3 dxc4 6. Qxc4 b5 7. Qd3 a6 8. e4 Bb4 9. Bg5 Be7 10. Be2 h6 11. Bh4 Bb7 12. e5 Nd5 13. Bxe7 Qxe7 14. Ne4 0-0 15. 0-0 Nf4 16. Qd2 Nxe2+ 17. Qxe2 a5 18. Nd6 Ba6 19. Rfc1 Ra7 20. Qc2 f5 21. a3 g5 22. b4 a4 23. Ne1 Qg7 24. Nd3 Re7 25. Nc5 Bc8 26. Nd3 Bd7 27. Qe2 Be8 28. f4 Bg6 29. Rc3 Rd8 30. Qe3 g4 31. Rac1 Be8 32. Nc5 Qg6 33. Ncb7 Rdd7 34. Na5 Rd8 35. Qd3 Bd7 36. Nab7 Rf8 37. R3c2 h5 38. Qc3 h4 39. Qc5 Rg7 40. Qb6 g3 41. h3 Qh6 42. Rf1 Qh8 43. Nd8 Kh7 44. N8b7 Kg6 45. Na5 Re7 46. Rf3 Qh5 47. Rc1 Qh6 48. Kf1 Qh8 49. Ke2 Rg8 50. Rfc3 Qh5+ 51. Ke3 Qh7 52. Nab7 Be8 53. Nd8 Nd7 54. Qa6 Nb8 55. Qc8 Bd7 56. Qxb8 Qh8 57. N6b7 Ree8 58. Qd6 Rxd8 59. Nxd8 Rxd8 60. Rxc6 Bxc6 61. Qxe6+ Kg7 62. Qf6+ Kh7 63. Qxf5+ Kg7 64. Rxc6 Qe8 65. Rc7+ 1-0

[Event "Dresden ZMD op"]
[Site "Dresden"]
[Date "2009.07.28"]
[Round "4"]
[White "Walther, Juri"]
[Black "Ries, Berthold"]
[Result "0-1"]
[WhiteElo "1939"]
[BlackElo "2033"]
[PlyCount "89"]
[EventDate "2009.07.25"]
[EventType "swiss"]
[EventRounds "9"]
[EventCountry "GER"]
[SourceTitle "CBM 131 Extra"]
[Source "ChessBase"]
[SourceDate "2009.09.03"]
[SourceVersion "2"]
[SourceVersionDate "2009.09.16"]
[SourceQuality "1"]

1. d4 Nf6 2. Nc3 d5 3. Bg5 e6 4. f3 c5 5. e3 h6 6. Bh4 cxd4 7. exd4 Bb4 8. Qd2 Nc6 9. Bb5 a6 10. Bxc6+ bxc6 11. Nge2 0-0 12. 0-0 a5 13. a3 Be7 14. Na4 Nd7 15. Bf2 Ba6 16. b3 Bf6 17. Rab1 Qe7 18. Nc5 Nxc5 19. dxc5 e5 20. Rfc1 Rfb8 21. b4 axb4 22. axb4 Bc4 23. Rd1 Qb7 24. c3 Ra6 25. Ra1 Rba8 26. Rxa6 Rxa6 27. Nc1 Qa8 28. Qb2 Ra3 29. Be3 Qa4 30. Qd2 e4 31. Bd4 Bxd4+ 32. cxd4 exf3 33. g3 Qa8 34. Qe1 Qc8 35. Rd2 Ra1 36. Rf2 Qe6 37. Qd2 Qe4 38. Qc3 Ra3 39. Qd2 Re3 40. h4 Re1+ 41. Kh2 Bf1 42. g4 Bg2 43. Kg3 Rh1 44. Rxg2 fxg2 45. Qxg2 0-1